00346nam a2200133Ia 450000500170000000800410001708200130005810000150007124500510008626000260013730000160016365000160017965000170019520250522033635.0240331s9999 xx 000 0 und d a301bMAL aMallika, A 0aPenniya kuralathivum dalit penniya udalmoliyum aChennaibKaavyac2002 aix, 86 p ., aDalit Women aUdal mozlium